000 00697nam a2200229Ia 4500
005 20240306103909.0
008 140110s9999 xx 000 0 und d
020 _a9788183440411
_cRs.6600(set)
040 _aLoreto College
041 _aEnglish
082 _a371.33
_bDAH
100 _aDahiya,Surender S.
245 _aEncyclopedia of Education Vol.III,
_bEducational Technology,
_cSurender S.Dahiya
250 _aEdited by M.K.Jain, J.C.Aggarwal
260 _aDelhi
_bAnshah publishing house
_c2010
300 _a254p.
504 _aIncludes index and bibliographical references
650 _aEducational technology
700 _aJain M.K.,ed.
850 _aLCLIB
942 _cBK
999 _c36577
_d87056